The cavalry went through. (Record no. 552830)
[ view plain ]
| 000 -LEADER | |
|---|---|
| fixed length control field | 00415cam a2200145u 4500 |
| 082 ## - DEWEY DECIMAL CLASSIFICATION NUMBER | |
| Classification number | 940.27 |
| Author Mark | NEW |
| 100 1# - MAIN ENTRY--PERSONAL NAME | |
| Personal name | Newman, Bernard, |
| 9 (RLIN) | 50075 |
| 245 14 - TITLE STATEMENT | |
| Title | The cavalry went through. |
| 260 ## - PUBLICATION, DISTRIBUTION, ETC. | |
| Place of publication, distribution, etc. | London, |
| Name of publisher, distributor, etc. | V. Gollancz ltd., |
| Date of publication, distribution, etc. | 1930. |
| 300 ## - PHYSICAL DESCRIPTION | |
| Extent | 288 p. |
| Other physical details | illus. (maps) |
| Dimensions | 19 cm. |
| 526 ## - STUDY PROGRAM INFORMATION NOTE | |
| Program name | 0 |
| Interest level | 0 |
| Reading level | 0 |
| Title point value | 940_270000000000000_NEW |
| 650 #0 - SUBJECT ADDED ENTRY--TOPICAL TERM | |
| Topical term or geographic name entry element | MCE |
| 9 (RLIN) | 379 |
| 650 #0 - SUBJECT ADDED ENTRY--TOPICAL TERM | |
| Topical term or geographic name entry element | World War, 1914-1918 |
| General subdivision | Fiction. |
| 9 (RLIN) | 11832 |
| 942 ## - ADDED ENTRY ELEMENTS (KOHA) | |
| Source of classification or shelving scheme | |
| Koha item type | Book |
| Withdrawn status | Lost status | Source of classification or shelving scheme | Damaged status | Not for loan | Permanent Location | Current Location | Shelving location | Date acquired | Total Checkouts | Full call number | Barcode | Date last seen | Price effective from | Koha item type |
|---|---|---|---|---|---|---|---|---|---|---|---|---|---|---|
| Military College of Engineering (MCE) | Military College of Engineering (MCE) | 01/23/2015 | 940.27 NEW | MCE-ECC/56 | 01/23/2015 | 01/23/2015 | Book |
